00668nam a2200169 a 4500003000200000005001700002008004100019050002700060100002900087245008200116260009000198300004000288504004100328650003900369650004400408650004600452020250514094228.0970101s19uu xx 00 eng d aPHS HV 9104b.A23 2004 aAbdul, Rayon Millross F. aProfiles of male and female juvenille delinquents /cRayon Millross F. Abdul. aLas Piñas City, Philippines :bSouthville International School and Colleges,c2004. a72 pages :billustrations ;c28 cm. aIncludes bibliographical references. aJuvenile delinquencyzPhilippines. aMale juvenile delinquentszPhilippines. aFemale juvenile delinquentszPhilippines.